Cicle de Teatre Amateur : 2a sessió / Associació de Teatre Selecte 2a sessió / Associació de Teatre Selecte
Descripción Física:
1 díptic ; 19 cm
Materias:
Teatre d'afeccionats -- Programes
MARC
| LEADER | 00000nam a2200000Ia 4500 | ||
|---|---|---|---|
| 001 | 23618 | ||
| 003 | BGR | ||
| 005 | 20260410113649.0 | ||
| 008 | 160829s1933 xx 000 0 cat d | ||
| 080 | |a RF-16-92 | ||
| 110 | 2 | |9 70350 |a Associació de Teatre Selecte | |
| 245 | |a Cicle de Teatre Amateur : |b 2a sessió / Associació de Teatre Selecte | ||
| 260 | |a [Barcelona : |b s.n.], |c 1933 | ||
| 300 | |a 1 díptic ; |c 19 cm | ||
| 590 | |a Presentació de la companyia 'Joventut Manresana', premi del 'II Concurs de Teatre Català Amateur'. | ||
| 590 | |a Prové de Q-283, exp. 372 | ||
| 650 | |a Teatre d'afeccionats |x Programes |9 49040 | ||
| 856 | 4 | |u https://media.diba.cat/diba/fitxers/arxiu/fulletons/bib_23618_1933_baixa.pdf |y Accés lliure | |
| 856 | 4 | |u https://media.diba.cat/diba/fitxers/arxiu/fulletons/bib_23618_1933_baixa.pdf |y Accés lliure | |
| 900 | |a bib_23618_1933_baixa.pdf | ||
| 901 | |a Arxiu | ||
| 942 | |n 1 |2 udc |c MON | ||
| 952 | |0 0 |1 0 |4 0 |6 RF1692 |7 1 |9 55051 |a Arxiu |b Arxiu |d 2012-09-07 |l 0 |o RF-16-92 |p 23618 |r 2016-12-01 00:00:00 |w 2016-12-01 |y ARXIU | ||
| 999 | |c 58921 |d 58921 | ||